Stability of frame structures

Saved in:
Bibliographic Details
Main Author: Krátky, Michal, 1991- (Author)
Other Authors: Dický, Jozef, 1951- (Thesis advisor)
Format: Manuscript Book
Language:English
Published: Bratislava : STU v Bratislave SvF, 2014
Subjects:
Online Access:VAIS
https://opac.crzp.sk/?fn=detailBiblioForm&sid=A61021784F381E68CF098990830C
Tags: Add Tag
No Tags, Be the first to tag this record!

MARC

LEADER 00000ntm a22000003a 4500
001 stu297177
005 20230927100837.8
008 140919s2014----xo------------------eng-d
040 |a STU  |b slo 
041 0 |a eng 
044 |a xo 
100 1 |a Krátky, Michal,  |d 1991-  |4 aut  |u V  |T SvF Stavebná fakulta  |X 7328  |U V  |Y 10  |7 A000007328 
242 0 0 |a Stabilita rámových konštrukcií  |y slo 
245 1 |a Stability of frame structures 
260 |a Bratislava :  |b STU v Bratislave SvF,  |c 2014 
650 7 |a stavebné inžinierstvo  |2 stusub 
650 7 |a Civil Engineering  |2 estusub 
650 7 |a critical force  |2 estusub 
650 7 |a buckling  |2 estusub 
650 7 |a kritická sila  |2 stusub 
650 7 |a vzperná dĺžka  |2 stusub 
650 7 |a geometrická nelinearita  |2 stusub 
700 1 |a Dický, Jozef,  |d 1951-  |4 ths  |u V250  |U SvF Stavebná fakulta  |T SvF Katedra stavebnej mechaniky  |X 976  |U V250  |Y 26  |7 A000000976 
856 4 |a info a plný text  |u http://is.stuba.sk/zp/portal_zp.pl?podrobnosti=80239  |3 VAIS 
856 4 |a CRZP  |u https://opac.crzp.sk/?fn=detailBiblioForm&sid=A61021784F381E68CF098990830C